00745nam a22002417a 4500003000400000008004100004020001800045082001800063100002200081245006700103260006200170300001000232365001200242650002900254650002100283650002200304650005400326650002300380700003000403700002700433700002500460700001800485OSt260629b |||||||| |||| 00| 0 eng d a9789391734510 a631.451bS61M aSingh, Anil Kumar aMrida Swasthaya Prabandhan evam Tikau KheticSingh, Anil Kumar aNew DelhibToday Tomorrows Printers and Publishers c2022 a242p. e1995.00 aSustainable agriculture. aSoil management. aSoils $x Quality. aSustainable agriculture $x Environmental aspects. aSoil conservation. aSingh, Shyam Ranjan Kumar aTripathi, Ashish Kumar aSinghai, Nitin Kumar aShukla Rashmi